Normal view
MARC view
- Huerta-Nava, Raquel,
Entry Nombre Personal
001 - NUMERO DE CONTROL
- campo de control: 35830
003 - IDENTIFICADOR DE NUMERO DE CONTROL
- campo de control: UPN
005 - FECHA Y HORA DE LA ÜLTIMA TRANSACCIÓN
- campo de control: 20210219194507.0
008 - DATOS DE LONGITUD FIJA
- campo de control de longitud fija: nabaccnnaabn|||||||||| b |nc|||||d
035 ## - NUMERO DE CONTROL
- Número de control: UPN11000007937
040 ## - FUENTE DE CATALOGACIÓN
- Lenguaje de catalogación: SPA
- Agencia de transcripción: UPN
100 1# - ENCABEZAMIENTO - NOMBRE PERSONAL
- Nombre personal: Huerta-Nava, Raquel,
- Fechas asociadas con el nombre: 1963-
670 ## - FUENTE EN LA QUE SE LOCALIZARON DATOS
- Cita de la fuente: T
- Uniform Resource Identifier: http://www.literatura.bellasartes.gob.mx/acervos/index.php/component/content/article/580-huerta-nava-raquel
680 ## - NOTA PUBLICA DE ACCESO PÚBLICO
- Frase explicativa de la referencia: Escritora, editora e investigadora en humanidades. Egresada de la licenciatura en historia en la UNAM. Cursó el diplomado de historia oral en el Instituto José María Mora y el de historia de México en la Academia Mexicana de la Historia
902 ## - CATALOGADOR
- Catalogador: MCM/190914
